000 00963nam a2200265 a 4500
001 000042031
005 20201002035909.0
008 131111s1996 sp 000 0 spa d
020 _a8475094864
040 _aDO-SdBNP
_bspa
_cBNPHU
082 _axxx
_bxxx
100 1 _aSohn, Ardyth
_968996
240 0 0 _aNewspaper Leadership.
_leng.
245 1 3 _aLa dirección de la empresa periodistica /
_cArdyth Sohn, Christine Ogan, John Polich ; traducción de Luis Romano Haces ; prólogo Richard J. V. Johnson.
260 _aBarcelona :
_bPaidós,
_c1996.
300 _a208 p. ;
_c22 cm.
490 1 _aPaidós comunicación
_v32
500 _aIncluye referencias bibliográficas y notas al pie de las páginas.
700 1 2 _aSohn, Ardyth
_968996
700 1 2 _aOgan, Christine
_968997
700 1 2 _aPolich, John
_968998
700 1 2 _aRomano Haces, Luis
_etr.
_968999
700 1 2 _aJohnson, Richard J. V.
_epról.
_969000
830 0 _aPaidós comunicación
_n32
_969001
999 _c41520
_d41520